[Event "NB1 Charousek csoport"]
[Site "Tapolca"]
[Date "2024.12.15"]
[Round "4.3"]
[White "Dankhazi, Andras"]
[Black "Istvandi, Lajos"]
[Result "1/2-1/2"]
[WhiteElo "2320"]
[BlackElo "2227"]
[PlyCount "92"]
[GameId "2124589761571503"]
[EventDate "2024.11.03"]
[EventType "team-tourn"]
[EventRounds "11"]
[EventCountry "HUN"]
[Source "chess.hu"]
[WhiteTeam "SZ-A STE"]
[BlackTeam "Tapolca Varosi SE"]
[WhiteTeamCountry "HUN"]
[BlackTeamCountry "HUN"]

1. Nf3 Nf6 2. c4 g6 3. Nc3 c5 4. e4 d6 5. d4 cxd4 6. Nxd4 Bg7 7. Be2 Nc6 8. Be3 O-O 9. O-O Nxd4 10. Bxd4 Be6 11. f4 Qa5 12. f5 Bd7 13. c5 Bc6 14. cxd6 exd6 15. Bc4 Nxe4 16. Nxe4 Bxe4 17. Bxg7 Kxg7 18. Qd4+ Qe5 19. f6+ Kg8 20. Qxe5 dxe5 21. Rae1 b5 22. Bxb5 Bd5 23. b3 Rfb8 24. Ba4 e4 25. Rd1 Rd8 26. Rd4 Be6 27. Rfd1 Rxd4 28. Rxd4 Rc8 29. Bc6 e3 30. Kf1 h6 31. Rd6 Kh7 32. Ke2 h5 33. Kxe3 g5 34. Be4+ Kh6 35. Ra6 Rc7 36. Ra5 h4 37. Kd4 g4 38. Ke3 Rc1 39. Rxa7 Kg5 40. Ra5+ Kxf6 41. b4 Re1+ 42. Kd4 Rd1+ 43. Bd3 Rd2 44. b5 Bf5 45. Ra3 Bxd3 46. Rxd3 Rxa2 1/2-1/2

[Event "NB1 Charousek csoport"]
[Site "Tapolca"]
[Date "2024.12.15"]
[Round "4.4"]
[White "Dobos, Jozsef"]
[Black "Takacs, Balazs"]
[Result "1-0"]
[WhiteElo "2227"]
[BlackElo "2325"]
[PlyCount "63"]
[GameId "2124589794777791"]
[EventDate "2024.11.03"]
[EventType "team-tourn"]
[EventRounds "11"]
[EventCountry "HUN"]
[Source "chess.hu"]
[WhiteTeam "Tapolca Varosi SE"]
[BlackTeam "SZ-A STE"]
[WhiteTeamCountry "HUN"]
[BlackTeamCountry "HUN"]

1. d4 d5 2. Bf4 c5 3. dxc5 Nc6 4. e4 d4 5. c3 e5 6. Bxe5 Nxe5 7. cxd4 Nc6 8. Bb5 Bd7 9. Nc3 g6 10. Nge2 Bg7 11. O-O Nh6 12. Qd2 O-O 13. f4 a6 14. Bc4 Nxd4 15. Nxd4 Bb5 16. Ncxb5 axb5 17. Bd5 Ra4 18. b4 Nf5 19. Nxb5 Bxa1 20. Rxa1 Ne7 21. Nd6 Nxd5 22. exd5 b6 23. Re1 bxc5 24. bxc5 Qc7 25. Qe3 Ra5 26. Rc1 Qa7 27. f5 Rxa2 28. Qd4 Ra4 29. Qe5 Qc7 30. f6 Ra2 31. Qe3 Qd8 32. Rf1 1-0

[Event "NB1 Charousek csoport"]
[Site "Tapolca"]
[Date "2024.12.15"]
[Round "4.5"]
[White "Gjuran, Denis"]
[Black "Pasztor, Ferenc"]
[Result "1-0"]
[WhiteElo "2269"]
[BlackElo "2035"]
[PlyCount "129"]
[GameId "2124589825915599"]
[EventDate "2024.11.03"]
[EventType "team-tourn"]
[EventRounds "11"]
[EventCountry "HUN"]
[Source "chess.hu"]
[WhiteTeam "SZ-A STE"]
[BlackTeam "Tapolca Varosi SE"]
[WhiteTeamCountry "HUN"]
[BlackTeamCountry "HUN"]

1. e4 e5 2. Bc4 Nf6 3. d3 Nc6 4. Nf3 Be7 5. O-O O-O 6. Bb3 d5 7. exd5 Nxd5 8. h3 Bf6 9. Re1 Re8 10. a3 Be6 11. Nbd2 Nb6 12. Bxe6 Rxe6 13. Ne4 Nd7 14. b4 Nd4 15. Bb2 Nxf3+ 16. Qxf3 Be7 17. Nd2 c6 18. Nc4 Bf6 19. Re4 Qc7 20. Rae1 Rae8 21. Qe3 b5 22. Na5 c5 23. c4 a6 24. Nb3 cxb4 25. axb4 bxc4 26. dxc4 h6 27. c5 Rb8 28. Qc3 Rbe8 29. Na5 Nb8 30. Nc4 Nc6 31. Nb6 Rd8 32. Qc4 Ne7 33. f4 Bh4 34. Rf1 exf4 35. Rxe6 fxe6 36. Qxe6+ Kh7 37. Be5 Qc6 38. Bd6 Ng6 39. Nd5 Re8 40. Qf5 Qb5 41. Rxf4 Bg3 42. Nc7 Qe2 43. Nxe8 Qe3+ 44. Rf2 Bxf2+ 45. Qxf2 Qxe8 46. Kh2 Qe4 47. Qg3 Nh8 48. Qg4 Qxg4 49. hxg4 Nf7 50. Kg3 Kg6 51. Kf4 Kf6 52. Ke4 Nxd6+ 53. cxd6 Ke6 54. d7 Kxd7 55. Kf5 Ke7 56. Kg6 Kf8 57. g5 hxg5 58. Kxg5 Kf7 59. Kf5 g6+ 60. Ke5 Ke7 61. g3 Kf7 62. g4 Ke7 63. g5 Kf7 64. Kd6 Kf8 65. Ke6 1-0

[Event "NB1 Charousek csoport"]
[Site "Tapolca"]
[Date "2024.12.15"]
[Round "4.6"]
[White "Juhasz, Judit"]
[Black "Hardicsay, Peter"]
[Result "1/2-1/2"]
[WhiteElo "2011"]
[BlackElo "2165"]
[PlyCount "72"]
[GameId "2124589860190943"]
[EventDate "2024.11.03"]
[EventType "team-tourn"]
[EventRounds "11"]
[EventCountry "HUN"]
[Source "chess.hu"]
[WhiteTeam "Tapolca Varosi SE"]
[BlackTeam "SZ-A STE"]
[WhiteTeamCountry "HUN"]
[BlackTeamCountry "HUN"]

1. e4 c5 2. Nf3 d6 3. d4 cxd4 4. Nxd4 Nf6 5. Nc3 a6 6. Be3 e5 7. Nb3 h5 8. f3 Be6 9. Qd2 b5 10. O-O-O Nbd7 11. Nd5 Bxd5 12. exd5 Nb6 13. Bxb6 Qxb6 14. Qa5 Qxa5 15. Nxa5 g6 16. Kb1 Bh6 17. c4 bxc4 18. Bxc4 Be3 19. Rhe1 Bb6 20. Nc6 O-O 21. b4 a5 22. a3 Kg7 23. Kb2 Rfe8 24. Re2 h4 25. Kb3 axb4 26. axb4 Rh8 27. Ra2 Rxa2 28. Kxa2 e4 29. Nd4 h3 30. g3 Nh5 31. g4 Nf6 32. g5 Nh5 33. fxe4 Re8 34. Nf3 Rxe4 35. Kb3 Nf4 36. Re1 Rxe1 1/2-1/2

[Event "NB1 Charousek csoport"]
[Site "Tapolca"]
[Date "2024.12.15"]
[Round "4.7"]
[White "Volosin, Vladimir"]
[Black "Marton, Jozsef"]
[Result "1/2-1/2"]
[WhiteElo "2131"]
[BlackElo "2037"]
[PlyCount "98"]
[GameId "2124589889624815"]
[EventDate "2024.11.03"]
[EventType "team-tourn"]
[EventRounds "11"]
[EventCountry "HUN"]
[Source "chess.hu"]
[WhiteTeam "SZ-A STE"]
[BlackTeam "Tapolca Varosi SE"]
[WhiteTeamCountry "HUN"]
[BlackTeamCountry "HUN"]

1. c4 e6 2. Nc3 Nf6 3. e4 d5 4. e5 d4 5. exf6 dxc3 6. fxg7 cxd2+ 7. Qxd2 Qxd2+ 8. Bxd2 Bxg7 9. O-O-O Bd7 10. Bd3 Bc6 11. f3 Nd7 12. Ne2 Ne5 13. Bc3 Nxd3+ 14. Rxd3 Bxc3 15. Nxc3 Rd8 16. Rhd1 Rxd3 17. Rxd3 Rg8 18. g3 h5 19. Ne2 h4 20. f4 hxg3 21. hxg3 Rh8 22. Re3 Ke7 23. Kd2 Rh2 24. Kc3 Kf6 25. Nd4 Bd7 26. a3 c5 27. Nf3 Rg2 28. Ne5 Ke7 29. b4 cxb4+ 30. axb4 f6 31. Nd3 b6 32. b5 Rg1 33. Nb4 Rc1+ 34. Nc2 Bc8 35. Kd2 Rb1 36. Nd4 Kd6 37. Kc2 Ra1 38. Rd3 Kc7 39. Nb3 Rg1 40. Re3 a6 41. bxa6 Bxa6 42. c5 Bc4 43. cxb6+ Kxb6 44. Nd4 Kc5 45. Nxe6+ Bxe6 46. Rxe6 Rxg3 47. Rxf6 Kd5 48. Kd2 Ke4 49. Ke2 Re3+ 1/2-1/2

[Event "NB1 Charousek csoport"]
[Site "Tapolca"]
[Date "2024.12.15"]
[Round "4.8"]
[White "Szabo, Benjamin"]
[Black "Kovac, Boris"]
[Result "0-1"]
[WhiteElo "2074"]
[BlackElo "2194"]
[PlyCount "70"]
[GameId "2124589919824639"]
[EventDate "2024.11.03"]
[EventType "team-tourn"]
[EventRounds "11"]
[EventCountry "HUN"]
[Source "chess.hu"]
[WhiteTeam "Tapolca Varosi SE"]
[BlackTeam "SZ-A STE"]
[WhiteTeamCountry "HUN"]
[BlackTeamCountry "HUN"]

1. d4 Nf6 2. Nf3 e6 3. g3 b6 4. Bg2 Bb7 5. Bg5 Be7 6. Bxf6 Bxf6 7. O-O c5 8. c3 d5 9. Nbd2 O-O 10. Re1 Nc6 11. Nb3 cxd4 12. Nfxd4 Nxd4 13. Nxd4 Rc8 14. f4 Qe7 15. e3 Ba6 16. Qg4 Rfd8 17. Rad1 Bc4 18. a3 a5 19. Qf3 b5 20. Qf2 b4 21. axb4 axb4 22. e4 dxe4 23. Bxe4 bxc3 24. bxc3 Qa3 25. Re3 Qc5 26. Rf3 g6 27. Rd2 Bg7 28. Nc6 Qxf2+ 29. Rfxf2 Rxd2 30. Rxd2 Kf8 31. Kg2 Ba6 32. Ne5 Bxe5 33. fxe5 Rc5 34. Rd6 Bb5 35. Kf3 Rxe5 0-1

[Event "NB1 Charousek csoport"]
[Site "Tapolca"]
[Date "2024.12.15"]
[Round "4.9"]
[White "Kurcsics, Mate"]
[Black "Toth, Barnabas"]
[Result "1-0"]
[WhiteElo "2091"]
[BlackElo "1912"]
[PlyCount "107"]
[GameId "2124589951003409"]
[EventDate "2024.11.03"]
[EventType "team-tourn"]
[EventRounds "11"]
[EventCountry "HUN"]
[Source "chess.hu"]
[WhiteTeam "SZ-A STE"]
[BlackTeam "Tapolca Varosi SE"]
[WhiteTeamCountry "HUN"]
[BlackTeamCountry "HUN"]

1. e4 e5 2. Nf3 Nf6 3. Nc3 Bb4 4. Qe2 O-O 5. a3 Ba5 6. d3 Nc6 7. Bg5 h6 8. Bd2 d5 9. b4 Bb6 10. Nxd5 Nxd5 11. exd5 Nd4 12. Qd1 Bg4 13. Be2 Nxe2 14. Qxe2 Qxd5 15. c4 Bxf3 16. gxf3 Qd4 17. Rc1 c5 18. Be3 Qd6 19. Rg1 Rac8 20. Qd2 Kh7 21. Rg2 f5 22. Ke2 f4 23. Bxc5 Bxc5 24. bxc5 Qxc5 25. Qb4 Rf7 26. Rgg1 Rc6 27. Rb1 Rfc7 28. Rb3 b6 29. Qc3 Qd6 30. Qc2 Qd4 31. Qb2 Qxb2+ 32. Rxb2 Rc5 33. Kd2 R7c6 34. Re1 Rg6 35. Rb5 Rg2 36. Rxc5 Rxf2+ 37. Kc3 bxc5 38. Rxe5 Rxf3 39. Rxc5 Rf2 40. Rf5 Kg6 41. Rf8 Rxh2 42. Rxf4 Rh5 43. d4 Rf5 44. Re4 Kf7 45. c5 Rd5 46. Kc4 Rd7 47. d5 Re7 48. Rf4+ Ke8 49. d6 g5 50. Rf6 Rh7 51. c6 Rh8 52. Kd5 Kd8 53. c7+ Kd7 54. Rf7+ 1-0

[Event "NB1 Charousek csoport"]
[Site "Tapolca"]
[Date "2024.12.15"]
[Round "4.10"]
[White "Gyarmati, Janos"]
[Black "Kiss, Judit"]
[Result "1-0"]
[WhiteElo "2035"]
[BlackElo "1948"]
[PlyCount "79"]
[GameId "2124589984668449"]
[EventDate "2024.11.03"]
[EventType "team-tourn"]
[EventRounds "11"]
[EventCountry "HUN"]
[Source "chess.hu"]
[WhiteTeam "Tapolca Varosi SE"]
[BlackTeam "SZ-A STE"]
[WhiteTeamCountry "HUN"]
[BlackTeamCountry "HUN"]

1. e4 e6 2. d4 d5 3. exd5 exd5 4. Nf3 Nc6 5. c3 Bg4 6. Be2 Qd7 7. Nbd2 O-O-O 8. h3 Bh5 9. g4 Bg6 10. Nf1 Bd6 11. Ne3 Nge7 12. Bd3 Rhe8 13. Qc2 Bxd3 14. Qxd3 Ng6 15. Bd2 Nf4 16. Qf1 Na5 17. O-O-O Qa4 18. Kb1 Nc4 19. Nxc4 dxc4 20. Bxf4 Bxf4 21. Nd2 b5 22. Qg2 Qa6 23. Qa8+ Kd7 24. Qd5+ Bd6 25. Qxf7+ Re7 26. Qf5+ Kc6 27. Rhe1 Rxe1 28. Rxe1 Rf8 29. Qe4+ Kb6 30. f3 h6 31. Qg6 Kb7 32. Re8 Qa4 33. Qe4+ c6 34. b3 cxb3 35. axb3 Qa5 36. Rxf8 Bxf8 37. Qd3 Qc7 38. d5 Kb6 39. Ne4 cxd5 40. Qxd5 1-0

[Event "NB1 Charousek csoport"]
[Site "Tapolca"]
[Date "2024.12.15"]
[Round "4.11"]
[White "Librecz, Lenard"]
[Black "Kasnya, Peter"]
[Result "1/2-1/2"]
[WhiteElo "1786"]
[BlackElo "1931"]
[PlyCount "107"]
[GameId "2124590014921521"]
[EventDate "2024.11.03"]
[EventType "team-tourn"]
[EventRounds "11"]
[EventCountry "HUN"]
[Source "chess.hu"]
[WhiteTeam "SZ-A STE"]
[BlackTeam "Tapolca Varosi SE"]
[WhiteTeamCountry "HUN"]
[BlackTeamCountry "HUN"]

1. e4 c5 2. Nf3 g6 3. c3 d5 4. exd5 Qxd5 5. Na3 a6 6. d4 cxd4 7. Bc4 Qe4+ 8. Be3 h6 9. cxd4 Nc6 10. Qb3 e6 11. O-O Nf6 12. Rfe1 Qf5 13. Rad1 Na5 14. Qc3 Bd7 15. Bd3 Qd5 16. Bc4 Nxc4 17. Qxc4 Bxa3 18. Qxd5 Nxd5 19. bxa3 Rc8 20. Rc1 Rxc1 21. Rxc1 g5 22. h3 f5 23. Rb1 b5 24. Ne5 Rg8 25. Bd2 Bc8 26. a4 bxa4 27. Rb8 Ke7 28. Ba5 Re8 29. Nc6+ Kf8 30. Ne5 Kg7 31. Nc6 Kf8 32. Ne5 Ke7 33. Ra8 Kd6 34. Ra7 Re7 35. Nf7+ Kc6 36. Rxe7 Nxe7 37. Nxh6 Kd7 38. Nf7 Nc6 39. Ne5+ Nxe5 40. dxe5 Bb7 41. a3 f4 42. Bb4 Ke8 43. Bd2 Kf7 44. g3 fxg3 45. fxg3 Kg6 46. g4 Be4 47. Kf2 Bd5 48. Kg3 Bb3 49. h4 gxh4+ 50. Kxh4 Bd1 51. Ba5 Bc2 52. Bd8 Be4 53. Kg3 Bd5 54. Kf4 1/2-1/2

[Event "NB1 Charousek csoport"]
[Site "Paks"]
[Date "2024.12.15"]
[Round "4.1"]
[White "Csiszar, Csaba"]
[Black "Lizak, Peter"]
[Result "1/2-1/2"]
[WhiteElo "2378"]
[BlackElo "2395"]
[PlyCount "82"]
[GameId "2125560324366728"]
[EventDate "2024.11.03"]
[EventType "team-tourn"]
[EventRounds "11"]
[EventCountry "HUN"]
[Source "chess.hu"]
[WhiteTeam "Komloi BSK"]
[BlackTeam "ASE II. Paks"]
[WhiteTeamCountry "HUN"]
[BlackTeamCountry "HUN"]

1. d4 Nf6 2. Nf3 g6 3. c4 Bg7 4. Nc3 O-O 5. Bf4 d6 6. e3 c5 7. Be2 Nh5 8. Bg5 h6 9. Bh4 cxd4 10. Nxd4 Nf6 11. O-O Nc6 12. Rc1 Bd7 13. Qd2 Rc8 14. Rfd1 a6 15. h3 Nxd4 16. exd4 g5 17. Bg3 b5 18. b3 bxc4 19. bxc4 Be6 20. c5 dxc5 21. d5 Bf5 22. Bxa6 Ra8 23. Bb7 Ra3 24. d6 Qd7 25. dxe7 Qxe7 26. Bf3 Rc8 27. Qb2 Ra7 28. Qb6 Rd7 29. a4 Rxd1+ 30. Rxd1 h5 31. a5 h4 32. Bd6 Qe6 33. a6 Bc2 34. Rc1 Ne8 35. Nb5 Bb2 36. Rxc2 Qe1+ 37. Kh2 Nxd6 38. Rxb2 Qe5+ 39. Kg1 Qe1+ 40. Kh2 Qe5+ 41. Kg1 Qe1+ 1/2-1/2

[Event "NB1 Charousek csoport"]
[Site "Paks"]
[Date "2024.12.15"]
[Round "4.2"]
[White "Videki, Sandor"]
[Black "Ronai, Akos Balazs"]
[Result "1-0"]
[WhiteElo "2330"]
[BlackElo "2205"]
[PlyCount "113"]
[GameId "2125560368095640"]
[EventDate "2024.11.03"]
[EventType "team-tourn"]
[EventRounds "11"]
[EventCountry "HUN"]
[Source "chess.hu"]
[WhiteTeam "ASE II. Paks"]
[BlackTeam "Komloi BSK"]
[WhiteTeamCountry "HUN"]
[BlackTeamCountry "HUN"]

1. c4 e5 2. Nc3 Nc6 3. g3 Bb4 4. Nd5 Nf6 5. Bg2 O-O 6. a3 Bc5 7. b4 Bd4 8. Rb1 Nxd5 9. cxd5 Ne7 10. Nf3 c6 11. Nxd4 exd4 12. Bb2 d3 13. e3 d6 14. Qb3 Bf5 15. dxc6 bxc6 16. e4 Bg6 17. Qxd3 d5 18. Qd4 f6 19. d3 dxe4 20. dxe4 Qxd4 21. Bxd4 f5 22. O-O fxe4 23. Rbe1 Rfe8 24. Bxe4 Nf5 25. Bc3 Rxe4 26. Rxe4 Nxg3 27. Re7 Nxf1 28. Rxg7+ Kf8 29. Kxf1 a6 30. Rc7 Bd3+ 31. Kg2 Re8 32. Bg7+ Kg8 33. Bd4 Re6 34. f4 Be4+ 35. Kf2 Rh6 36. Ke3 Bd5 37. f5 Rh3+ 38. Kf4 Rh4+ 39. Ke5 Rxh2 40. Kf6 h5 41. Rc8+ Kh7 42. Ke7 Re2+ 43. Kd6 Bg8 44. Rxc6 Rd2 45. Rc7+ Kh6 46. Ke5 Re2+ 47. Kf6 Re8 48. Bc5 h4 49. Bd6 Kh5 50. Rg7 Bd5 51. Rg5+ Kh6 52. Bf4 Re4 53. Rg4+ Kh5 54. Rg5+ Kh6 55. Bd2 Rd4 56. Rg4+ Rxd2 57. Rxh4# 1-0

[Event "NB1 Charousek csoport"]
[Site "Paks"]
[Date "2024.12.15"]
[Round "4.3"]
[White "Karsa, Laszlo"]
[Black "Molnar, Bela"]
[Result "1-0"]
[WhiteElo "2314"]
[BlackElo "2288"]
[PlyCount "67"]
[GameId "2125560471568808"]
[EventDate "2024.11.03"]
[EventType "team-tourn"]
[EventRounds "11"]
[EventCountry "HUN"]
[Source "chess.hu"]
[WhiteTeam "Komloi BSK"]
[BlackTeam "ASE II. Paks"]
[WhiteTeamCountry "HUN"]
[BlackTeamCountry "HUN"]

1. d4 Nf6 2. g3 g6 3. Bg2 Bg7 4. e4 d6 5. Ne2 O-O 6. Nbc3 c6 7. O-O Nbd7 8. a4 e5 9. h3 a5 10. b3 Re8 11. Ba3 exd4 12. Nxd4 Qb6 13. Bxd6 Nxe4 14. Nxe4 Bxd4 15. c3 Bg7 16. Re1 Qd8 17. Ba3 Nf8 18. Qxd8 Rxd8 19. Be7 Rd3 20. Nf6+ Bxf6 21. Bxf6 Be6 22. Bf1 Rd2 23. c4 Nd7 24. Bc3 Rc2 25. Re3 Nc5 26. Bf6 Rd2 27. g4 h6 28. f4 Kh7 29. Rae1 b6 30. Bc3 Nxb3 31. Rb1 b5 32. Rxb3 Rd1 33. Rxe6 fxe6 34. cxb5 1-0

[Event "NB1 Charousek csoport"]
[Site "Paks"]
[Date "2024.12.15"]
[Round "4.4"]
[White "Bernath, Bence"]
[Black "Benedek, Istvan"]
[Result "0-1"]
[WhiteElo "2251"]
[BlackElo "2203"]
[PlyCount "62"]
[GameId "2125560502829496"]
[EventDate "2024.11.03"]
[EventType "team-tourn"]
[EventRounds "11"]
[EventCountry "HUN"]
[Source "chess.hu"]
[WhiteTeam "ASE II. Paks"]
[BlackTeam "Komloi BSK"]
[WhiteTeamCountry "HUN"]
[BlackTeamCountry "HUN"]

1. e4 c5 2. Nf3 Nc6 3. d4 cxd4 4. Nxd4 g6 5. c4 Bg7 6. Be3 Nf6 7. Nc3 O-O 8. f3 e6 9. g4 d5 10. g5 Nh5 11. cxd5 exd5 12. Nxd5 Nxd4 13. Bxd4 Qxg5 14. Bxg7 Qh4+ 15. Kd2 Kxg7 16. Qe2 Qd8 17. Qe3 Be6 18. Bc4 Bxd5 19. Bxd5 Nf6 20. Qd4 Kg8 21. h4 Rc8 22. Rhc1 Nxd5 23. exd5 Qd6 24. Rxc8 Qh2+ 25. Kc3 Rxc8+ 26. Kb3 Qc2+ 27. Ka3 b5 28. Qb4 Qd3+ 29. b3 Qxd5 30. Re1 a5 31. Qe4 Qd2 0-1

[Event "NB1 Charousek csoport"]
[Site "Paks"]
[Date "2024.12.15"]
[Round "4.5"]
[White "Ivan, Attila"]
[Black "Szegedy, Matyas"]
[Result "0-1"]
[WhiteElo "2218"]
[BlackElo "2276"]
[PlyCount "78"]
[GameId "2125560534323656"]
[EventDate "2024.11.03"]
[EventType "team-tourn"]
[EventRounds "11"]
[EventCountry "HUN"]
[Source "chess.hu"]
[WhiteTeam "Komloi BSK"]
[BlackTeam "ASE II. Paks"]
[WhiteTeamCountry "HUN"]
[BlackTeamCountry "HUN"]

1. e4 c5 2. Nf3 Nc6 3. d4 cxd4 4. Nxd4 g6 5. c4 Bg7 6. Be3 Nf6 7. Nc3 O-O 8. f3 e6 9. g4 d5 10. g5 Nh5 11. cxd5 exd5 12. Nxd5 Nxd4 13. Bxd4 Qxg5 14. Bxg7 Qh4+ 15. Kd2 Kxg7 16. Qe2 Qd8 17. Qe3 Be6 18. Bc4 Bxd5 19. Bxd5 Nf6 20. Qd4 Kg8 21. h4 Rc8 22. Rhc1 Nxd5 23. exd5 Qd6 24. Rxc8 Qh2+ 25. Kc3 Rxc8+ 26. Kb3 Qc2+ 27. Ka3 b5 28. Qb4 Qd3+ 29. b3 Qxd5 30. Re1 a5 31. Qe4 Qd2 32. Qe3 Qb4+ 33. Kb2 Qxh4 34. Rd1 Qf6+ 35. Kb1 Qc3 36. Qd3 Qxd3+ 37. Rxd3 Rc5 38. f4 Kg7 39. Kb2 h5 0-1

[Event "NB1 Charousek csoport"]
[Site "Paks"]
[Date "2024.12.15"]
[Round "4.6"]
[White "Toth, Gergely"]
[Black "Kresz, Adam"]
[Result "0-1"]
[WhiteElo "2152"]
[BlackElo "2186"]
[PlyCount "52"]
[GameId "2125560593465820"]
[EventDate "2024.11.03"]
[EventType "team-tourn"]
[EventRounds "11"]
[EventCountry "HUN"]
[Source "chess.hu"]
[WhiteTeam "ASE II. Paks"]
[BlackTeam "Komloi BSK"]
[WhiteTeamCountry "HUN"]
[BlackTeamCountry "HUN"]

1. e4 c5 2. Nf3 e6 3. d4 cxd4 4. Nxd4 Nc6 5. Nc3 Qc7 6. g3 a6 7. Bg2 Nf6 8. O-O Nxd4 9. Qxd4 Bc5 10. Qd3 d6 11. Bf4 h6 12. Rad1 e5 13. Be3 Bg4 14. Rd2 Rd8 15. f4 Be6 16. Nd5 Bxd5 17. exd5 Ng4 18. Bxc5 Qxc5+ 19. Kh1 O-O 20. Re2 exf4 21. Rxf4 Ne5 22. Qd4 Rc8 23. Bh3 Qb5 24. Bxc8 Qxe2 25. Bg4 Nxg4 26. Rxg4 Qf1+ 0-1

[Event "NB1 Charousek csoport"]
[Site "Paks"]
[Date "2024.12.15"]
[Round "4.7"]
[White "Amrein, Roland"]
[Black "Benedeczky, Lehel Dr."]
[Result "0-1"]
[WhiteElo "2154"]
[BlackElo "2115"]
[PlyCount "102"]
[GameId "2125560637129231"]
[EventDate "2024.11.03"]
[EventType "team-tourn"]
[EventRounds "11"]
[EventCountry "HUN"]
[Source "chess.hu"]
[WhiteTeam "Komloi BSK"]
[BlackTeam "ASE II. Paks"]
[WhiteTeamCountry "HUN"]
[BlackTeamCountry "HUN"]

1. e4 c6 2. d3 d5 3. Nd2 g6 4. f4 Bg7 5. Ngf3 dxe4 6. dxe4 Nf6 7. Bd3 O-O 8. Qe2 c5 9. c3 Nc6 10. e5 Nd5 11. Ne4 b6 12. O-O Bf5 13. Rd1 Qe8 14. Nxc5 bxc5 15. Bxf5 Nxf4 16. Bxf4 gxf5 17. Rd5 Nd8 18. Rad1 Ne6 19. Be3 Qc6 20. Qc4 Rac8 21. Nh4 f4 22. Nf5 Rfe8 23. Bxf4 Nxf4 24. Qxf4 e6 25. Rd6 exf5 26. Rxc6 Rxc6 27. Rd5 Rce6 28. Rxc5 Bxe5 29. Qg5+ Kh8 30. h4 Bf6 31. Qh5 Be5 32. Qxf7 Bg3 33. Rxf5 Re1+ 34. Rf1 Rxf1+ 35. Qxf1 Re1 36. Qxe1 Bxe1 37. h5 Kg7 38. c4 Kh6 39. c5 Kxh5 40. Kf1 Ba5 41. Ke2 Kg4 42. a3 Kg3 43. b4 Bd8 44. a4 Kxg2 45. a5 h5 46. a6 Be7 47. Kd3 h4 48. Kd4 h3 49. Kd5 h2 50. Ke6 Bxc5 51. bxc5 h1=Q 0-1

[Event "NB1 Charousek csoport"]
[Site "Paks"]
[Date "2024.12.15"]
[Round "4.8"]
[White "Berta, Tibor"]
[Black "Jaro, Benjamin"]
[Result "0-1"]
[WhiteElo "2053"]
[BlackElo "2027"]
[PlyCount "100"]
[GameId "2125560675336735"]
[EventDate "2024.11.03"]
[EventType "team-tourn"]
[EventRounds "11"]
[EventCountry "HUN"]
[Source "chess.hu"]
[WhiteTeam "ASE II. Paks"]
[BlackTeam "Komloi BSK"]
[WhiteTeamCountry "HUN"]
[BlackTeamCountry "HUN"]

1. d4 d5 2. Nf3 Nf6 3. Bf4 e6 4. e3 c5 5. c3 Nc6 6. Be2 cxd4 7. exd4 Nh5 8. Bg5 Be7 9. Bxe7 Qxe7 10. O-O Nf4 11. Bb5 O-O 12. Re1 a6 13. Bxc6 bxc6 14. Qd2 Ng6 15. Qe3 f6 16. Nbd2 Re8 17. Nb3 Rb8 18. Qd2 Qd6 19. Rac1 Qf4 20. Qxf4 Nxf4 21. Rc2 g5 22. Nc5 Kf7 23. g3 Ng6 24. b3 g4 25. Nd2 e5 26. Nf1 h5 27. Rce2 e4 28. Ne3 f5 29. Nc2 f4 30. Nb4 h4 31. Nxc6 Rb6 32. Nb4 hxg3 33. fxg3 f3 34. Re3 Ne7 35. Kf2 a5 36. Nc2 Nf5 37. Rh1 Nxe3 38. Nxe3 Rd8 39. c4 dxc4 40. Nxc4 Rh6 41. Ke3 Rdh8 42. Nxe4 Rxh2 43. Rxh2 Rxh2 44. Ned6+ Kf8 45. Nxc8 Re2+ 46. Kd3 Re1 47. Ne3 f2 48. Nf1 Rxf1 49. Ke3 Rc1 50. Kxf2 Rxc8 0-1

[Event "NB1 Charousek csoport"]
[Site "Paks"]
[Date "2024.12.15"]
[Round "4.9"]
[White "Solty, Laszlo"]
[Black "Buri, Petra Zsuzsanna"]
[Result "0-1"]
[WhiteElo "2063"]
[BlackElo "1958"]
[PlyCount "64"]
[GameId "2125560711709231"]
[EventDate "2024.11.03"]
[EventType "team-tourn"]
[EventRounds "11"]
[EventCountry "HUN"]
[Source "chess.hu"]
[WhiteTeam "Komloi BSK"]
[BlackTeam "ASE II. Paks"]
[WhiteTeamCountry "HUN"]
[BlackTeamCountry "HUN"]

1. e4 e5 2. Nf3 Nc6 3. Bc4 Bc5 4. c3 Nf6 5. d4 exd4 6. e5 d5 7. Bb5 Ne4 8. Nxd4 O-O 9. Bxc6 bxc6 10. O-O f6 11. Be3 Qe8 12. exf6 Rxf6 13. Nd2 Rg6 14. Re1 Bh3 15. g3 Bb6 16. Bf4 Qf7 17. Be3 Re8 18. Nxe4 Rxe4 19. f3 Re8 20. Bf2 Rxe1+ 21. Qxe1 h5 22. Qe2 c5 23. Nb3 Re6 24. Qd1 Rf6 25. f4 d4 26. Qd2 Qd5 27. Be1 d3 28. c4 Qxc4 29. Bf2 Qd5 30. Be3 c4 31. Bxb6 cxb6 32. Nc1 Re6 0-1

[Event "NB1 Charousek csoport"]
[Site "Paks"]
[Date "2024.12.15"]
[Round "4.10"]
[White "Hegedus, Bernat"]
[Black "Berczi, Peter"]
[Result "1/2-1/2"]
[WhiteElo "1838"]
[BlackElo "2109"]
[PlyCount "187"]
[GameId "2125560751407681"]
[EventDate "2024.11.03"]
[EventType "team-tourn"]
[EventRounds "11"]
[EventCountry "HUN"]
[Source "chess.hu"]
[WhiteTeam "ASE II. Paks"]
[BlackTeam "Komloi BSK"]
[WhiteTeamCountry "HUN"]
[BlackTeamCountry "HUN"]

1. d4 Nf6 2. c4 c5 3. d5 b5 4. Qc2 bxc4 5. Nc3 e6 6. e4 exd5 7. exd5 d6 8. Bxc4 Be7 9. h3 O-O 10. Nf3 Nbd7 11. O-O Nb6 12. b3 Nxc4 13. bxc4 Bd7 14. a4 Rb8 15. Re1 Re8 16. Bf4 a6 17. Nd2 Nh5 18. Bh2 f5 19. Ne2 Bf8 20. Nf4 Rxe1+ 21. Rxe1 Nxf4 22. Bxf4 Rb4 23. Nf3 h6 24. a5 Qf6 25. Bd2 Qb2 26. Qd3 Qb3 27. Qxb3 Rxb3 28. h4 g6 29. Rc1 Kf7 30. Kf1 Ba4 31. Ra1 Bd7 32. Rc1 Rb2 33. Bc3 Rb8 34. g3 Bg7 35. Bd2 Rb2 36. Bf4 Bf8 37. Bd2 Ba4 38. Ke2 Be7 39. Ke1 Bf8 40. Ke2 Rb8 41. Ra1 Bd7 42. Rc1 Rb3 43. Rc3 Rb2 44. Rc1 f4 45. gxf4 Bg4 46. Rc3 Be7 47. Rd3 Bxh4 48. Ke3 Bf6 49. Be1 Bh3 50. Bc3 Rb3 51. Bxf6 Rxd3+ 52. Kxd3 Kxf6 53. Nd2 Bf5+ 54. Ke3 g5 55. f3 h5 56. fxg5+ Kxg5 57. Ne4+ Bxe4 58. fxe4 h4 59. Kf3 Kf6 60. Kg4 Ke5 61. Kxh4 Kxe4 62. Kg5 Ke5 63. Kg6 Kd4 64. Kf6 Kxc4 65. Ke6 Kb5 66. Kxd6 c4 67. Ke6 c3 68. d6 c2 69. d7 c1=Q 70. d8=Q Qe1+ 71. Kf5 Qxa5 72. Qd3+ Ka4+ 73. Kf6 Qb6+ 74. Kg7 Qb2+ 75. Kg6 a5 76. Qc4+ Ka3 77. Qc5+ Qb4 78. Qc1+ Ka2 79. Qc2+ Ka1 80. Kg5 Qe7+ 81. Kg4 Qb4+ 82. Kg5 Qd4 83. Qc1+ Ka2 84. Qc2+ Ka3 85. Qc1+ Kb4 86. Qb1+ Kc5 87. Qc2+ Qc4 88. Qf2+ Kb5 89. Qb2+ Ka6 90. Qf6+ Kb7 91. Qf3+ Ka7 92. Qf2+ Kb8 93. Qb6+ Kc8 94. Qxa5 1/2-1/2

[Event "NB1 Charousek csoport"]
[Site "Paks"]
[Date "2024.12.15"]
[Round "4.11"]
[White "Csiszar, Viktoria"]
[Black "Nagy, Lajos"]
[Result "1/2-1/2"]
[WhiteElo "1929"]
[BlackElo "1837"]
[PlyCount "49"]
[GameId "2125560800236113"]
[EventDate "2024.11.03"]
[EventType "team-tourn"]
[EventRounds "11"]
[EventCountry "HUN"]
[Source "chess.hu"]
[WhiteTeam "Komloi BSK"]
[BlackTeam "ASE II. Paks"]
[WhiteTeamCountry "HUN"]
[BlackTeamCountry "HUN"]

1. e4 e5 2. Nf3 Nc6 3. d4 exd4 4. Bc4 Nf6 5. e5 d5 6. Bb5 Ne4 7. Nxd4 Bc5 8. Be3 O-O 9. Bxc6 bxc6 10. O-O Qe8 11. f3 Nd6 12. f4 f6 13. e6 Bxe6 14. Re1 Bxd4 15. Bxd4 Ne4 16. Nd2 Nxd2 17. Qxd2 Qf7 18. Re3 Bf5 19. Rae1 Be4 20. Rc3 Qd7 21. Bxf6 Rxf6 22. Rxe4 Qf5 23. Re7 Rc8 24. Rg3 Rf7 25. Rxf7 1/2-1/2